[Event "ch-ISR"]
[Site "Ramat Aviv ISR"]
[Date "2004.09.29"]
[Round "9"]
[White "Kataev,Si"]
[Black "Kudischewitsch,D"]
[Result "1-0"]
[WhiteElo "2286"]
[BlackElo "2405"]
[EventDate "2004.09.19"]

1. d4 Nf6 2. Bg5 Ne4 3. Bf4 d5 4. e3 c5 5. Nf3 Nc6 6. c3 Qb6 7. Qb3 c4 8.
Qc2 h6 9. Nbd2 Bf5 10. Nxe4 Bxe4 11. Qc1 e6 12. Nd2 Bh7 13. Be2 Be7 14. O-O
Rc8 15. Re1 O-O 16. h3 Qd8 17. Bf3 b5 18. e4 b4 19. Nf1 dxe4 20. Bxe4 Bxe4
21. Rxe4 Qd5 22. Re2 Rfd8 23. Qe3 Bd6 24. Rae1 Bxf4 25. Qxf4 Qa5 26. Qg3
Qxa2 27. Ne3 Ne7 28. Ng4 Nf5 29. Qf3 Qa6 30. Ne5 Rc7 31. g4 Nd6 32. h4 Qb7
33. Qf4 a5 34. Kh2 Qc8 35. h5 f6 36. Ng6 Nf7 37. Kh3 e5 38. dxe5 fxe5 39.
Nxe5 Nxe5 40. Qxe5 Rf7 41. Kg3 bxc3 42. bxc3 a4 43. f4 a3 44. Qa5 Kh7 45.
Re7 Rd3+ 46. Kh4 Rxf4 47. R1e6 Qf8 48. Rxh6+ Kxh6 49. Qg5+ Kh7 50. Qg6+ Kg8
51. Re8 Rf6 52. Rxf8+ Kxf8 53. Qe4 Ra6 54. Qf5+ Rf6 55. Qc8+ Ke7 56. Qc5+
Ke8 57. Qxa3 Rff3 58. Qa4+ Kf8 59. Qb4+ Ke8 60. Qxc4 Kf8 61. Qc8+ Kf7 62.
c4 Rde3 63. c5 Rh3+ 64. Kg5 Re5+ 65. Kf4 Rhe3 66. Qc7+ Re7 67. Qc6 R3e6 68.
Qd5 Rc7 69. Kf5 1-0

[Event "ch-ISR"]
[Site "Ramat Aviv ISR"]
[Date "2004.09.29"]
[Round "9"]
[White "Deutsch,E"]
[Black "Birnboim,N"]
[Result "1-0"]
[WhiteElo "2350"]
[BlackElo "2349"]
[EventDate "2004.09.19"]

1. e4 g6 2. h4 d5 3. exd5 Nf6 4. Nc3 Bg7 5. Bc4 Nbd7 6. Nge2 Nb6 7. Bb3 a5
8. a3 a4 9. Ba2 Nbxd5 10. Nxd5 Nxd5 11. h5 Be6 12. d4 b5 13. c3 c6 14. Ng3
Nc7 15. Qf3 Bd5 16. Bxd5 Qxd5 17. Qxd5 cxd5 18. Bf4 Ne6 19. Bd2 Nd8 20.
O-O-O Nc6 21. Rde1 O-O-O 22. Ne2 Na5 23. Kc2 Nc4 24. Bc1 e6 25. Nf4 Bf6 26.
Nd3 Be7 27. g4 Kd7 28. g5 Rdf8 29. Rh3 h6 30. hxg6 hxg5 31. Rxh8 Rxh8 32.
gxf7 Rf8 33. f4 gxf4 34. Nxf4 Rxf7 35. Nxe6 Rf2+ 36. Kb1 Bd6 37. Ng5 Bg3
38. Rh1 Ke7 39. Rh3 Rg2 40. Nf3 Ke6 41. Rh5 Bd6 42. Rh1 Rf2 43. Ne1 Kf5 44.
Nd3 Rg2 45. Re1 Rh2 46. Re8 Rg2 47. Re1 Rh2 48. Rf1+ Ke4 49. Nc5+ Bxc5 50.
Rf4+ Kd3 51. dxc5 Rh1 52. Rd4+ Ke2 53. Kc2 Na5 54. Rd2+ Kf3 55. Rd3+ Ke4
56. Rd4+ Ke5 57. Bf4+ Ke6 58. Rb4 Rf1 59. Be3 Nc4 60. Bd4 Rh1 61. Rxb5 Rh2+
62. Kb1 Kd7 63. Rb4 Kc6 64. Ka1 Rh1+ 65. Ka2 Rh2 66. Rxa4 Rxb2+ 67. Ka1 Rb3
68. Ra6+ Kb7 69. Rh6 Rxa3+ 70. Kb1 Ra6 71. Rh5 Kc6 72. Rh8 Ra7 73. Kc2 Ra2+
74. Kd1 Nb2+ 75. Ke1 Nd3+ 76. Kf1 Ra6 77. Rd8 Nf4 78. Kf2 Ra7 79. Kg3 Rf7
80. Rd6+ Kb5 81. Rb6+ Ka4 82. Be5 Ne2+ 83. Kg4 1-0

[Event "ch-ISR"]
[Site "Ramat Aviv ISR"]
[Date "2004.09.29"]
[Round "9"]
[White "Bitansky,I"]
[Black "Zilberman,Y"]
[Result "1/2-1/2"]
[WhiteElo "2377"]
[BlackElo "2430"]
[EventDate "2004.09.19"]

1. e4 e5 2. Nf3 Nc6 3. Bc4 Be7 4. d4 exd4 5. Nxd4 d6 6. O-O Nf6 7. Nc3 O-O
8. Re1 Re8 9. Bf4 Bd7 10. h3 a6 11. a3 1/2-1/2